MARC details
| 010 ## - Numéro international normalisé du livre (ISBN) |
| ISBN |
9782081336551 |
| Disponibilité et/ou prix |
2,90 EUR |
| 099 ## - Visibilité opac |
| notice masquée en opac |
Non |
| 100 ## - Données générales de traitement |
| Données générales de traitement |
20140904d2014 m y0frey50 ba |
| 101 1# - Langue de la ressource |
| Langue du texte, de la bande son, etc. |
français |
| 102 ## - Pays de publication ou de production |
| Pays de publication |
France |
| 200 1# - Titre et mention de responsabilité |
| Titre propre |
Le Petit Chaperon rouge |
| Complément du titre |
et autres contes |
| Indication générale du type de document |
Livre |
| 214 #0 - Mentions de production, publication, diffusion et manufacture |
| Nom de l’éditeur |
Flammarion |
| Date de publication |
DL 2014 |
| 215 ## - Description physique |
| Nombre de pages |
1 vol. (178 p.-[8] p. de pl.) |
| 225 2# - Collection |
| Titre de la collection |
Étonnants classiques |
| 610 ## - Mot-clé |
| Mot-clé |
Conte |
| 700 #1 - Auteur principal |
| Nom |
Grimm |
| Prénom |
Jacob |
| Dates |
1785-1863 |
| 701 #1 - Coauteur |
| Nom |
Grimm |
| Prénom |
Wilhelm |
| Dates |
1786-1859 |
| 701 #1 - Coauteur |
| Nom |
Guerne |
| Prénom |
Armel |
| Dates |
1911-1980 |
| 701 #1 - Coauteur |
| Nom |
Pieri |
| Prénom |
Caecilia |
| 101 1# - Langue de la ressource |
| Langue de l'oeuvre originale |
allemand |
| 105 ## - Zone de données codées : textes, monographies |
| Données codées sur les monographies textuelles |
a z 000ay |
| 181 ## - Zone de données codées : Forme de la ressource |
| Données de liaison entre champs |
z01 |
| Autre référentiel utilisé pour coder la forme du contenu |
texte |
| Code du référentiel |
rdacontent |
| 181 #1 - Zone de données codées : Forme de la ressource |
| Données de liaison entre champs |
z01 |
| Forme du contenu selon l’ISBD sous forme codée |
i# |
| Qualificatif(s) du contenu selon l’ISBD sous forme codée |
xxxe## |
| 182 ## - Zone de données codées : type de média |
| Données de liaison entre champs |
z01 |
| Autre référentiel utilisé pour coder le type de médiation |
sans média |
| Code du référentiel |
rdamedia |
| 182 #1 - Zone de données codées : type de média |
| Données de liaison entre champs |
z01 |
| Type de médiation selon l’ISBD sous forme codée |
sans média |
| 183 #1 - Zone de données codées : Type de carrière |
| Données de liaison entre champs |
z01 |
| Type de support sous forme codée |
nga |
| Code du référentiel |
RDAfrCarrier |
| 205 ## - Mention d'édition |
| Mention d'édition |
Édition revue 2014 |
| 214 #0 - Mentions de production, publication, diffusion et manufacture |
| Lieu de publication, production, distribution/diffusion, fabrication |
Paris |
| 215 ## - Description physique |
| Autres caractéristiques matérielles |
ill. en noir et en coul., couv. ill. en coul. |
| Dimensions |
18 cm |
| 225 2# - Collection |
| ISSN de la collection |
1269-8822 |
| 410 ## - Collection |
| Identifiant de la notice bibliographique liée |
04047223X |
| 410 ## - Collection |
| Titre de l'oeuvre |
Étonnants classiques (Paris) |
| ISSN |
1269-8822 |
| 454 ## - Traduction de |
| Titre de l'oeuvre |
Rotkäppchen |
| 608 ## - Vedette de Forme, Genre ou Caractéristiques physiques |
| Identifiant de la notice d'autorité |
029344913 |
| Élément d'entrée |
Contes littéraires allemands |
| Identifiant de la notice d'autorité |
027794059 |
| Subdivision chronologique |
19e siècle |
| Code du format utilisé |
rameau |
| 686 ## - Autres numéros de classification |
| Indice |
803 |
| Code du format utilisé |
Cadre de classement de la Bibliographie nationale française |
| 700 #1 - Auteur principal |
| Identifiant de la notice d'autorité |
026903458 |
| Code de fonction |
Auteur |
| -- |
Compilateur |
| 701 #1 - Coauteur |
| Identifiant de la notice d'autorité |
026903466 |
| Code de fonction |
Auteur |
| -- |
Compilateur |
| 701 #1 - Coauteur |
| Identifiant de la notice d'autorité |
026906597 |
| Code de fonction |
Traducteur |
| 701 #1 - Coauteur |
| Identifiant de la notice d'autorité |
030092817 |
| Eléments ajoutés aux noms autres que les dates |
traductrice |
| Code de fonction |
Editeur |
| 801 #3 - Origine de la notice |
| Pays |
FR |
| Agence de catalogage |
Abes |
| Date de la transaction |
20250513 |
| Règles de catalogage utilisées |
AFNOR |
| 801 #0 - Origine de la notice |
| Pays |
FR |
| Agence de catalogage |
FR-751131015 |
| Date de la transaction |
20140617 |
| Règles de catalogage utilisées |
AFNOR |
| Code du format utilisé |
intermrc |
| 000 -Etiquette de la notice |
| Leader |
01797cam0a2200577 4500 |
| 003 - Identifiant de la notice |
| Identifiant |
http://www.sudoc.fr/180231154 |
| 005 - Identifiant de la version |
| Identifiant |
20251213175357.0 |
| 020 ## - Numéro de l'agence bibliographique nationale |
| Code de pays |
France |
| Indice |
01444742 |
| 021 ## - Numéro de dépôt légal |
| Code de pays |
France |
| Indice |
DLE-20140617-37204 |
| 033 ## - Identifiant pérenne dans d’autres systèmes |
| Identifiant de la notice |
http://catalogue.bnf.fr/ark:/12148/cb43843015v |
| 035 ## - Identifiant de la notice dans un autre système |
| Identifiant de la notice dans un autre système |
(OCoLC)406836622 |
| 035 ## - Identifiant de la notice dans un autre système |
| Identifiant de la notice dans un autre système |
FRBNF438430150000002 |
| Numéro erroné ou annulé |
FRBNF43843015 |
| 073 #0 - EAN |
| Numéro normalisé |
9782081336551 |